Catálogo público

Tercera Reunión de Agentes Generales sobre las actividades del Plan Nacional Agrícola, Ganadero y Forestal, D. F. del 9 al 11 de febrero de 1970 : Memoria (Record no. 172281)

MARC details
000 -CABECERA
campo de control de longitud fija 00907nam a2200253Ia 4500
001 - NÚMERO DE CONTROL
campo de control dia_1745
003 - IDENTIFICADOR DEL NÚMERO DE CONTROL
campo de control CHAP
005 - FECHA Y HORA DE LA ÚLTIMA TRANSACCIÓN
campo de control 20230619130149.0
008 - DATOS DE LONGITUD FIJA--INFORMACIÓN GENERAL
campo de control de longitud fija 220117s1970 xx 000 0 und d
010 ## - NÚMERO DE CONTROL DE LA BIBLIOTECA DEL CONGRESO
Número de control de LC 172281
040 ## - FUENTE DE LA CATALOGACIÓN
Centro/agencia transcriptor CHAP
082 ## - NÚMERO DE LA CLASIFICACIÓN DECIMAL DEWEY
Número de clasificación 630.972 R48 1970
111 ## - ENTRADA PRINCIPAL--NOMBRE DE CONGRESO/REUNIÓN
Nombre de congreso/reunión o jurisdicción como elemento de entrada Reunión de Agentes Generales (3a. : 1970 Febrero 9-11 : México D. F.)
9 (RLIN) 151476
245 ## - MENCIÓN DE TÍTULO
Título Tercera Reunión de Agentes Generales sobre las actividades del Plan Nacional Agrícola, Ganadero y Forestal, D. F. del 9 al 11 de febrero de 1970 : Memoria
260 ## - PUBLICACIÓN, DISTRIBUCIÓN, ETC.
Lugar de publicación, distribución, etc. México :
Nombre del editor, distribuidor, etc. Auditorio de Alamacenes Nacionales de Depósito,
Fecha de publicación, distribución, etc. 1970
300 ## - DESCRIPCIÓN FÍSICA
Extensión 160 p.
590 ## - NOTA LOCAL (RLIN)
Nota local HD1792 T47 1970
650 ## - PUNTO DE ACCESO ADICIONAL DE MATERIA--TÉRMINO DE MATERIA
Término de materia o nombre geográfico como elemento de entrada Agricultura
Subdivisión general México
9 (RLIN) 138811
650 ## - PUNTO DE ACCESO ADICIONAL DE MATERIA--TÉRMINO DE MATERIA
Término de materia o nombre geográfico como elemento de entrada Ganadería
Subdivisión general México
9 (RLIN) 137519
901 ## - ELEMENTOS DE DATOS A LOCAL LDA (RLIN)
a 630.972 R48 1970
902 ## - ELEMENTOS DE DATOS B LOCAL, LDB (RLIN)
a M
905 ## - ELEMENTOS DE DATOS E LOCAL, LDE (RLIN)
a 5232271970 mx d 8225323322spa16
942 ## - ELEMENTOS DE PUNTO DE ACCESO ADICIONAL (KOHA)
Tipo de ítem Koha Libro
Fuente del sistema de clasificación o colocación Dewey Decimal Classification
Holdings
Estado de retiro Estado de pérdida Fuente del sistema de clasificación o colocación Estado dañado No para préstamo Código de colección Localización permanente Ubicación/localización actual Fecha de adquisición Información codificada de la localización en otra ubicación Total de préstamos Signatura topográfica completa Código de barras Fecha visto por última vez Número de copia Precio válido a partir de Tipo de ítem Koha
    Dewey Decimal Classification     General Ingenieria Agroindustrial Ingenieria Agroindustrial 18/01/2022 1   630.972 R48 1970 dia_000169 18/01/2022 1 18/01/2022 Libro